00559nam a22001817a 450000500170000001000150001702000260003203500130005803700130007108200120008410000210009624500430011725000110016026000480017127000800021930000280029950000500032720151119165043.0 aENG-114160 c495.00a9789350352557 aEN-97692 bDBAD/PUB a344.041 aSrivastava, Lily aLaw and medicine /cby Lily Srivastava a2nd ed aNew Delhi bUniversal Law Publishing c2013 aC-FF-1A, Dilkhush Industrial Estate, G.T. Karnal Road, bNew Delhi e110033 axxxvii,562p.c25cm(pbk) aIncludes bibliographical references and index